| 000 | 01374nam a2200337Ia 4500 | ||
|---|---|---|---|
| 001 | ebr10661653 | ||
| 003 | CaPaEBR | ||
| 006 | m u | ||
| 007 | cr cn||||||||| | ||
| 008 | 090427s2009 nyuad sb 001 0 eng d | ||
| 010 | _z 2009016909 | ||
| 020 | _z9781607414612 (hardcover) | ||
| 020 | _z9781611226836 | ||
| 040 |
_aCaPaEBR _cCaPaEBR |
||
| 035 | _a(OCoLC)676976016 | ||
| 050 | 1 | 4 |
_aTP339 _b.B566 2009eb |
| 082 | 0 | 4 |
_a665.7/76 _222 |
| 245 | 0 | 0 |
_aBiomass gasification _h[electronic resource] : _bchemistry, processes, and applications / _cJean-Pierre Badeau and Albrecht Levi, editors. |
| 260 |
_aHauppauge, N.Y. : _bNova Science Publishers, _cc2009. |
||
| 300 |
_axiv, 474 p. : _bill. (some col.), charts. |
||
| 490 | 0 | _aRenewable energy. Research, development and policies series | |
| 504 | _aIncludes bibliographical references and index. | ||
| 533 |
_aElectronic reproduction. _bPalo Alto, Calif. : _cebrary, _d2013. _nAvailable via World Wide Web. _nAccess may be limited to ebrary affiliated libraries. |
||
| 650 | 0 | _aBiomass gasification. | |
| 650 | 0 | _aChemical technology. | |
| 655 | 7 |
_aElectronic books. _2local |
|
| 700 | 1 | _aBadeau, Jean-Pierre. | |
| 700 | 1 | _aLevi, Albrecht. | |
| 710 | 2 | _aebrary, Inc. | |
| 856 | 4 | 0 |
_uhttp://site.ebrary.com/lib/rucke/Doc?id=10661653 _zAn electronic book accessible through the World Wide Web; click to view |
| 999 |
_c65881 _d65881 |
||